[Event "Heraklion Gazi op 13th"]
[Site "Heraklion"]
[Date "2017.08.05"]
[Round "9"]
[White "Palchuk, Andrii"]
[Black "Chasourakis, Emmanouil"]
[Result "1-0"]
[WhiteElo "1847"]
[BlackElo "1111"]
[PlyCount "129"]
[EventDate "2017.07.28"]
[EventType "swiss"]
[EventRounds "9"]
[EventCountry "GRE"]
[SourceTitle "CBM 179 Extra"]
[Source "ChessBase"]
[SourceDate "2017.08.23"]
[SourceVersion "1"]
[SourceVersionDate "2017.08.23"]
[SourceQuality "1"]

1. d4 d5 2. c4 c6 3. Nf3 Nf6 4. cxd5 cxd5 5. g3 g6 6. Bg2 Bg7 7. 0-0 Nbd7 8. Nc3 Nb6 9. b3 0-0 10. Bb2 Bf5 11. Nh4 Bd7 12. a4 a5 13. Rc1 Rc8 14. Qd2 Rc7 15. f3 h6 16. f4 Bc6 17. Na2 Qa8 18. Bc3 Ne4 19. Bxe4 dxe4 20. Bxa5 Qa7 21. e3 Rcc8 22. Bxb6 Qxb6 23. Qb4 Qa6 24. Kf2 e6 25. Qd2 Bd5 26. Rxc8 Rxc8 27. Rc1 Rxc1 28. Nxc1 Bf8 29. Qb2 Qd6 30. Ng2 Qa3 31. Qc2 Bb4 32. Ne1 Qa1 33. Ke2 Ba3 34. Kd2 Bb4+ 35. Ke2 Ba3 36. Kd2 Qxc1+ 37. Qxc1 Bxc1+ 38. Kxc1 Bxb3 39. a5 Kf8 40. Kb2 Bd1 41. Nc2 Bxc2 42. Kxc2 Ke7 43. Kc3 Kd6 44. Kb4 Kc6 45. Kc4 f6 46. Kb4 b6 47. a6 f5 48. Ka4 g5 49. h3 b5+ 50. Ka5 gxf4 51. gxf4 b4 52. Kxb4 Kb6 53. a7 Kxa7 54. Kc5 Ka6 55. Kd6 Kb5 56. Kxe6 Kc4 57. Kxf5 Kd3 58. d5 Kxe3 59. d6 Kf3 60. d7 e3 61. d8Q Kf2 62. Kg6 e2 63. Qd2 Kf1 64. f5 e1Q 65. Qxe1+ 1-0